000 00310nam a2200133Ia 4500
008 260604s9999 xx 000 0 und d
020 _a9781319544720
082 _a339 KRU
100 _aPaul krugman
_935739
245 0 _aMacroeconomics
260 _bWorth Publishers
500 _aMacroeconomics
942 _cBK
999 _c8565
_d8565